[Event "Udaipur Lakecity op 3rd"]
[Site "Udaipur"]
[Date "2019.03.28"]
[Round "1"]
[White "Saurabh, Kherdekar"]
[Black "Dang, Mridul"]
[Result "1-0"]
[WhiteElo "2272"]
[BlackElo "1257"]
[PlyCount "63"]
[EventDate "2019.03.28"]
[EventType "swiss"]
[EventRounds "8"]
[EventCountry "IND"]
[SourceTitle "CBM 189 Extra"]
[Source "ChessBase"]
[SourceDate "2019.06.03"]
[SourceVersion "1"]
[SourceVersionDate "2019.06.03"]
[SourceQuality "1"]

1. c4 e6 2. Nf3 Nf6 3. g3 d5 4. Bg2 c6 5. 0-0 Be7 6. d4 0-0 7. Nbd2 Nbd7 8. Qc2 b6 9. e4 dxe4 10. Nxe4 Nxe4 11. Qxe4 Bb7 12. Rd1 Nf6 13. Qe2 Qc7 14. Bf4 Bd6 15. Bxd6 Qxd6 16. Ne5 Qc7 17. c5 b5 18. h4 Nd5 19. h5 h6 20. Re1 Rad8 21. Rad1 Qe7 22. Qd2 Rfe8 23. Re4 Qg5 24. Qe2 a6 25. Rg4 Qe7 26. Qd2 Nf6 27. Rf4 Qc7 28. Re1 Rf8 29. Rxf6 gxf6 30. Ng4 f5 31. Qxh6 fxg4 32. Qf6 1-0